Central Library OPAC University of Rajshahi

Office management / (Record no. 61153)

MARC details
000 -LEADER
fixed length control field 00783nam a2200265 a 4500
001 - CONTROL NUMBER
control field 61153
003 - CONTROL NUMBER IDENTIFIER
rucl marc code BD-RjUL
005 - DATE AND TIME OF LATEST TRANSACTION
control field 20211209080928.0
008 - FIXED-LENGTH DATA ELEMENTS--GENERAL INFORMATION
fixed length control field 170115s1962 us a|||| |||| 001 0 eng d
035 ## - SYSTEM CONTROL NUMBER
System control number (BD-RjUL)61277
040 ## - CATALOGING SOURCE
Original cataloging agency BD-RjUL
Language of cataloging eng
Transcribing agency BD-RjUL
041 ## - LANGUAGE CODE
Language code of text/sound track or separate title eng
082 ## - DEWEY DECIMAL CLASSIFICATION NUMBER
Edition number 23
Classification number 651.3
Author mark and year HIO 1962
100 ## - MAIN ENTRY--PERSONAL NAME
Personal name Hicks, Charles B.
9 (RLIN) 182466
245 ## - TITLE STATEMENT
Title Office management /
Statement of responsibility, etc. Charles B. Hicks; Irene Place
250 ## - EDITION STATEMENT
Edition statement 2nd ed.
260 ## - PUBLICATION, DISTRIBUTION, ETC. (IMPRINT)
Place of publication, distribution, etc. Boston :
Name of publisher, distributor, etc. Allyn and Bacon,
Date of publication, distribution, etc. c1962.
300 ## - PHYSICAL DESCRIPTION
Pagination 555 p. :
Illustrations ill. ;
Size 23 cm.
490 ## - SERIES STATEMENT
Series statement Noma Series in Administrative Management
500 ## - GENERAL NOTE
General note Includes index
650 ## - SUBJECT ADDED ENTRY--TOPICAL TERM
Topical term or geographic name as entry element Office management
9 (RLIN) 182387
700 ## - ADDED ENTRY--PERSONAL NAME
Personal name Place, Irene
856 ## - ELECTRONIC LOCATION AND ACCESS
Materials specified Noma Series in Administrative Management
942 ## - ADDED ENTRY ELEMENTS (KOHA)
Source of classification or shelving scheme Dewey Decimal Classification
Koha item type Books
Holdings
Lost status Source of classification or shelving scheme Damaged status Not for loan Collection code Permanent Location Current Location Shelving location Date acquired Source of acquisition Cost, normal purchase price Total Checkouts Full call number Date last seen Copy number Koha item type
  Dewey Decimal Classification   Not For Loan Non-fiction Central Library, University of Rajshahi Central Library, University of Rajshahi Reading Room 01/02/1963 Zeitlinger 54.00   651.3 HIO 1962 15/01/2017 C-1 Books